MARC

Tag First Indicator Second Indicator Subfields
LEADER 00000cam a22000001i 4500
001 in00003399921
006 m |o d |
007 cr |n|||||||||
008 130904s2013 nyua ob 001 0 eng d
005 20250816212533.0
020 |a 1107249902 (electronic bk.) 
020 |a 9781107249905 (electronic bk.) 
020 |z 9781107005433 
020 |z 1107005434 
035 |a (NhCcYBP)ebr10752989 
040 |a NhCcYBP  |c NhCcYBP  |d UtOrBLW 
043 |a n-us--- 
050 4 |a PS163  |b .Z57 2013 
082 0 4 |a 810.9/36  |2 23 
100 1 |a Ziser, Michael,  |d 1973- 
245 1 0 |a Environmental practice and early American literature /  |c Michael Ziser. 
264 1 |a New York :  |b Cambridge University Press,  |c 2013. 
300 |a 1 online resource. 
336 |a text  |b txt  |2 rdacontent 
337 |a computer  |b c  |2 rdamedia 
338 |a online resource  |b cr  |2 rdacarrier 
490 1 |a Cambridge studies in American literature and culture ;  |v 166 
504 |a Includes bibliographical references and index. 
505 0 |a Sovereign remedies -- Staple-colony circumspection -- The pomology of Eden -- Beeing in the world -- Walled in and farmed out : pastoral isolation and Georgic collectivities. 
588 |a Description based on print version record. 
500 |a Electronic resource. 
650 0 |a American literature  |x History and criticism. 
650 0 |a Nature in literature. 
650 0 |a Ecology in literature. 
650 0 |a Agriculture in literature. 
650 0 |a Agent (Philosophy) in literature. 
650 0 |a Natural history  |z United States  |x Historiography. 
650 0 |a Nature (Aesthetics) 
650 0 |a Ecocriticism  |z United States. 
655 7 |a Electronic books.  |2 local 
710 2 |a ebrary, Inc. 
776 1 8 |c Original  |z 9781107005433  |z 1107005434  |w (DLC) 2012040131 
830 0 |a Cambridge studies in American literature and culture ;  |v 166. 
856 4 1 |u https://ebookcentral.proquest.com/lib/tamucs/detail.action?docID=1394530  |y Connect to the full text of this electronic book  |t 0 
955 |a YBP purchased DDA e-records 
980 |b 125.00  |g 1 
999 f f |s 4fdcf273-1a38-37ad-b4d7-e261a1e433de  |i 16f4d126-e20d-3509-92f2-c8a6408f84fb  |t 0 
999 |a MARS 
952 f f |a Texas A&M University  |b College Station  |c Electronic Resources  |d Available Online  |t 0  |e PS163 .Z57 2013  |h Library of Congress classification 
998 f f |a PS163 .Z57 2013  |t 0  |l Available Online